Представление документа в формате MARC21

Поле Инд. ПП Название Значение
Тип записи a
Библиографический уровень m
001 Контрольный номер f12fd28e7a3d404c98691fc026e5a262
005 Дата корректировки 20230516123303.8
008 Кодируемые данные 20210220
022 0_ a ISSN 1726-6736
084 a Индекс другой классификации/Индекс ББК 74
090 a Полочн. индекс 95.2+74
099 a Индекс 72296
245 10 a Заглавие Университетская книга
b Продолж. заглавия информационно-аналитический журнал
h Физич. носитель Текст
n Номер части/ раздела №1/2021
c Ответственность учредитель: "ИД Университетская книга"; гл. ред. Е. Бейлина
260 c Дата издания 2021
b Издательство Университетская книга
a Место издания Москва
300 a Объем 80 с.
500 a Примечание Журнал
a Примечание Тема номера: "Образовательные технологии и трансформация библиотек"
650 04 a Основная рубрика образование
a Основная рубрика педагогика
653 0_ a Ключевые слова библиотеки вузов
a Ключевые слова библиотечное дело
a Ключевые слова библиотечные фонды
a Ключевые слова издательства
a Ключевые слова книгоиздание
a Ключевые слова книжный рынок
a Ключевые слова Россия
a Ключевые слова цифровая среда
a Ключевые слова электронно-библиотечные системы (ЭБС)
773 18 w Контрольный № источника 1f7557900ce34a9cad24e260b2bcf33b
901 t Тип документа s
952 a Тип литературы для КСУ ВШ НЖ
991 s 5